Col·lecció diplomàtica de la Seu de Girona : 817 - 1100 / estudi i edició a cura de Ramon Martí 817 - 1100 / estudi i edició a cura de Ramon Martí
ISBN:
84-7935-422-4
Descripción Física:
605 p. ; 24 cm
Colección:
Diplomataris ; 13
MARC
| LEADER | 00000nam a2200000Ia 4500 | ||
|---|---|---|---|
| 001 | 11721 | ||
| 008 | 160829s1997 xx 000 0 cat d | ||
| 020 | |a 84-7935-422-4 | ||
| 080 | |a A-1-124 | ||
| 245 | |a Col·lecció diplomàtica de la Seu de Girona : |b 817 - 1100 / estudi i edició a cura de Ramon Martí | ||
| 260 | |a Barcelona : |b Fundació Noguera : |b Pagès, |c 1997 | ||
| 300 | |a 605 p. ; |c 24 cm | ||
| 490 | |a Diplomataris ; 13 | ||
| 590 | |a Textos en català i llatí. | ||
| 590 | |a Referències bibliogràfiques. | ||
| 590 | |a Índexs | ||
| 650 | |a Girona (Província) |x Història |x 817/1100 |x Fonts |9 35631 | ||
| 700 | |a Martí, Ramon, ed. |9 35632 | ||
| 700 | |a Fundació Noguera |9 70407 | ||
| 901 | |a Arxiu | ||
| 942 | |n 1 | ||
| 952 | |0 0 |1 0 |4 0 |6 A1124 |7 1 |9 47002 |a Arxiu |b Arxiu |d 2016-12-01 |l 0 |o A-1-124 |p 11721 |r 2016-12-01 00:00:00 |w 2016-12-01 |y ARXIU | ||
| 999 | |c 50795 |d 50795 | ||